000
00343 a2200157 4500
001
182595
020
_a
040
_c
Magnum
100
_a
Márquez, Gabriel García
240
1
0
_a
Cem anos de solidão
_l
por
245
1
0
_a
Cem anos de solidão
300
_a
383
362
0
_a
2003
697
_a
LITERATURA GERAL ESTRANGEIRA
942
_c
BK
999
_c
182595
_d
182595